[Event "Campeonato de Aragon por Equipos 2025 -"]
[Site "?"]
[Date "2025.02.15"]
[Round "4.34"]
[White "Ferreruela Romero, Jose Joaquin"]
[Black "Crespo Laborda, Alberto"]
[Result "1/2-1/2"]
[WhiteElo "1972"]
[BlackElo "1845"]
[PlyCount "79"]
[GameId "2147807435009211"]
[EventDate "2025.01.25"]
[WhiteTeam "San Jose"]
[BlackTeam "Palacio De Pioneros B"]

{[%evp 0,79,13,30,12,-2,3,-53,18,13,9,5,0,-7,-10,-10,15,27,5,3,19,21,29,8,19,22,5,6,-22,2,-2,31,27,-10,42,-2,47,-17,87,12,120,96,113,31,122,71,130,117,42,159,181,178,165,154,91,76,146,129,77,167,114,169,196,196,177,81,95,45,40,72,60,79,127,192,64,221,100,122,64,7,-1,-1]} 1. d4 Nf6 2. Bf4 d5 3. e3 e6 4. Nf3 Bd6 5. Ne5 O-O 6. Bd3 c5 7. c3 Nc6 8. Nd2 Qc7 9. Ndf3 Ne4 10. Qc2 f5 11. Nxc6 Bxf4 12. exf4 bxc6 13. g3 c4 14. Bxe4 fxe4 15. Ne5 c5 16. O-O cxd4 17. cxd4 Qb6 18. Rfd1 Rb8 19. Rab1 Qa6 20. b3 cxb3 21. axb3 Rb6 22. Rdc1 Qb7 23. Qc7 Qxc7 24. Rxc7 Rb7 25. Rbc1 Rxc7 26. Rxc7 Ba6 27. Rxa7 Be2 28. Rb7 Ra8 29. Kg2 h6 30. g4 g5 31. fxg5 hxg5 32. h4 gxh4 33. Kh3 Rf8 34. Kxh4 Rxf2 35. Kg5 Rg2 36. Kg6 Kf8 37. Kf6 Rf2+ 38. Kxe6 e3 39. g5 Bg4+ 40. Kxd5 1/2-1/2

[Event "Campeonato de Aragon por Equipos 2025 -"]
[Site "?"]
[Date "2025.02.15"]
[Round "4.35"]
[White "Caballero Ortin, Jorge"]
[Black "Rubio Tello, Abel"]
[Result "1-0"]
[WhiteElo "1831"]
[BlackElo "1874"]
[PlyCount "42"]
[GameId "2147807435050172"]
[EventDate "2025.01.25"]
[WhiteTeam "Palacio De Pioneros B"]
[BlackTeam "San Jose"]

1. e4 e6 2. d3 d5 3. Nd2 Nf6 4. g3 Be7 5. Ngf3 O-O 6. Bg2 c5 7. O-O Nc6 8. e5 Nd7 9. Re1 Qc7 10. Qe2 b5 11. Nf1 a5 12. Bf4 Ba6 13. Ne3 Nb6 14. Ng4 b4 15. Nf6+ Kh8 16. Ng5 gxf6 17. exf6 Qxf4 18. gxf4 Bxf6 19. Nxf7+ Rxf7 20. Qxe6 Raf8 21. Qxc6 Bd8 1-0

[Event "Campeonato de Aragon por Equipos 2025 - "]
[Site "?"]
[Date "2025.02.15"]
[Round "4.36"]
[White "Bonet Herbera, Isabel"]
[Black "Sancho Cortes, Miguel Angel"]
[Result "0-1"]
[WhiteElo "1990"]
[BlackElo "2017"]
[PlyCount "172"]
[GameId "2147807435087037"]
[EventDate "2025.01.25"]
[WhiteTeam "Binefar"]
[BlackTeam "Iberajedrez Mundo 64 B"]

1. e4 c5 2. Nf3 e6 3. d4 cxd4 4. Nxd4 Nf6 5. Nc3 Nc6 6. a3 d5 7. Bb5 Bd7 8. exd5 exd5 9. O-O Bd6 10. Re1+ Kf8 11. h3 Qc7 12. Nb3 Be6 13. Be3 Rd8 14. Bxc6 bxc6 15. Bc5 Nd7 16. Qd4 Nxc5 17. Nxc5 Bc8 18. Rad1 f6 19. N3a4 Kf7 20. Nd3 Rhe8 21. c4 Bf5 22. Rxe8 Kxe8 23. Kf1 Be5 24. Nxe5 fxe5 25. Re1 e4 26. Kg1 Kf8 27. Nc5 Qf7 28. Nxe4 Re8 29. cxd5 Qxd5 30. Qxa7 Bxe4 31. Qc7 Bg6 32. Qf4+ Kg8 33. Rxe8+ Bxe8 34. Qb8 Kf8 35. a4 Qd1+ 36. Kh2 Qxa4 37. b4 Qd1 38. Qf4+ Kg8 39. Qe5 Qd7 40. f3 h6 41. Qe4 Bf7 42. Qe5 Bd5 43. Kg1 Qa7+ 44. Kh2 Qf7 45. Kg1 Kh7 46. Kh2 h5 47. Qd4 g5 48. Qd3+ Qg6 49. Qd4 Qf5 50. Qa7+ Qf7 51. Qc5 Qf4+ 52. Kg1 Qf5 53. Qe7+ Bf7 54. Qb7 Kg7 55. Qe7 Qf6 56. Qb7 Kh6 57. b5 cxb5 58. Qxb5 Qd4+ 59. Kh2 h4 60. Qc6+ Kg7 61. Qb5 Kf6 62. Qc6+ Be6 63. Qa8 Qe5+ 64. Kg1 Qe1+ 65. Kh2 Qg3+ 66. Kh1 Bxh3 67. Qf8+ Ke5 68. gxh3 Qxh3+ 69. Kg1 Qe6 70. Qg7+ Kf4 71. Qd4+ Kxf3 72. Qd1+ Kf4 73. Qd4+ Qe4 74. Qd6+ Kg4 75. Qd7+ Kg3 76. Qc7+ Qf4 77. Qc3+ Kg4 78. Qc8+ Kf3 79. Qa8+ Qe4 80. Qf8+ Qf4 81. Qa8+ Qe4 82. Qf8+ Ke2 83. Qf2+ Kd1 84. Qf1+ Qe1 85. Kh2 Kd2 86. Qb5 Qe2+ 0-1

[Event "Campeonato de Aragon por Equipos 2025 - "]
[Site "?"]
[Date "2025.02.15"]
[Round "4.37"]
[White "Sanchez Castro, Roberto"]
[Black "Rosa Garcia, Jesus"]
[Result "1-0"]
[WhiteElo "1939"]
[BlackElo "1842"]
[PlyCount "96"]
[GameId "2147807435127998"]
[EventDate "2025.01.25"]
[WhiteTeam "Iberajedrez Mundo 64 B"]
[BlackTeam "Binefar"]

1. d4 c5 2. e3 g6 3. Nf3 Bg7 4. Be2 Nc6 5. O-O Qb6 6. dxc5 Qxc5 7. Nbd2 d6 8. Nb3 Qb6 9. c3 Nf6 10. Nfd4 O-O 11. Kh1 Bd7 12. Nd2 a6 13. f4 Nxd4 14. exd4 Rac8 15. Bf3 Qc7 16. Re1 e6 17. a4 Bc6 18. a5 d5 19. g3 Rfe8 20. Re3 Qd7 21. Bg2 Red8 22. h3 Ne8 23. Nf3 f6 24. Qe1 Nc7 25. Bd2 Re8 26. Qf2 Nb5 27. Rae1 Nd6 28. Nh2 Nc4 29. b4 Nxe3 30. Rxe3 Qd6 31. Rf3 Bd7 32. Ng4 b6 33. axb6 Qxb6 34. Ne3 a5 35. bxa5 Qxa5 36. g4 Rb8 37. Qg3 Rb2 38. Rf2 Qa2 39. Nf1 Reb8 40. f5 Qa6 41. Be1 Rxf2 42. Qxb8+ Bf8 43. Bxf2 exf5 44. gxf5 Bxf5 45. Bxd5+ Be6 46. Bg2 Qa1 47. d5 Bf5 48. Bc5 h5 1-0

[Event "Campeonato de Aragon por Equipos 2025 - "]
[Site "?"]
[Date "2025.02.15"]
[Round "4.38"]
[White "Quintilla Alonso, Nicolas"]
[Black "Garcia Monterde, Francisco Jose"]
[Result "0-1"]
[WhiteElo "1805"]
[BlackElo "1866"]
[PlyCount "66"]
[GameId "2147807435177151"]
[EventDate "2025.01.25"]
[WhiteTeam "Binefar"]
[BlackTeam "Iberajedrez Mundo 64 B"]

1. e4 c5 2. Nf3 e6 3. c4 Nc6 4. Nc3 g6 5. d4 cxd4 6. Nxd4 Bg7 7. Be3 Nge7 8. Be2 a6 9. O-O O-O 10. Nxc6 Nxc6 11. Bc5 Re8 12. Na4 Bf8 13. Bb6 Qh4 14. f3 d5 15. Bf2 Qd8 16. Nb6 Rb8 17. cxd5 exd5 18. Qxd5 Be6 19. Qxd8 Rbxd8 20. Rfd1 Rxd1+ 21. Bxd1 Rd8 22. b3 Rd2 23. Be3 Rd3 24. Kf2 Rxe3 25. Kxe3 Bc5+ 26. Kf4 Bxb6 27. Be2 f6 28. Bc4 g5+ 29. Kg3 Bxc4 30. bxc4 Ne5 31. Rc1 Bf2+ 32. Kh3 h5 33. g4 Nd3 0-1

[Event "Campeonato de Aragon por Equipos 2025 - "]
[Site "?"]
[Date "2025.02.15"]
[Round "4.39"]
[White "Barranco Castillo, Jose Antonio"]
[Black "Amello Montiu, Jonathan"]
[Result "1-0"]
[WhiteElo "1828"]
[BlackElo "1803"]
[PlyCount "115"]
[GameId "2147807435238592"]
[EventDate "2025.01.25"]
[WhiteTeam "Iberajedrez Mundo 64 B"]
[BlackTeam "Binefar"]

1. c4 c5 2. Nc3 Nc6 3. g3 Nf6 4. Bg2 g6 5. e4 Bg7 6. Nge2 e5 7. d3 d6 8. h3 h6 9. a3 a6 10. Rb1 Bd7 11. b4 cxb4 12. axb4 Na7 13. Be3 b6 14. O-O O-O 15. f4 Rb8 16. Qd2 Kh7 17. g4 Nc6 18. g5 hxg5 19. fxg5 Nh5 20. Nd5 Ne7 21. Nf6+ Bxf6 22. gxf6 Ng8 23. Bg5 Qc8 24. Qe1 Bxh3 25. Bf3 Bxf1 26. Qxf1 Ngxf6 27. Qg2 Kg7 28. Rf1 Rh8 29. Ng3 Nf4 30. Nf5+ Kf8 31. Bxf4 exf4 32. Nxd6 Qh3 33. e5 Qxg2+ 34. Kxg2 Ke7 35. c5 bxc5 36. bxc5 Rb2+ 37. Kg1 Nd7 38. d4 g5 39. c6 Nb6 40. Rc1 f6 41. c7 Nc8 42. Nxc8+ Rxc8 43. Bg4 Rb1 44. Rxb1 Rxc7 45. e6 Ra7 46. Rb4 a5 47. Ra4 Kd6 48. Kf2 Kc6 49. Kf3 Kb5 50. Ra1 a4 51. Ke4 a3 52. Kf5 Kc4 53. Kxf6 Kxd4 54. e7 Ra8 55. Rxa3 Rxa3 56. e8=Q Ra5 57. Qe1 Rc5 58. Bf5 1-0

[Event "Campeonato de Aragon por Equipos 2025 - "]
[Site "?"]
[Date "2025.02.15"]
[Round "4.40"]
[White "Torrente Gayarre, Lorenzo"]
[Black "Gaspar Calvo, Luis Alberto"]
[Result "1/2-1/2"]
[WhiteElo "1999"]
[BlackElo "1901"]
[PlyCount "109"]
[GameId "2147807435283649"]
[EventDate "2025.01.25"]
[WhiteTeam "Jaque - Aramovil B"]
[BlackTeam "Marcos Frechin C"]

1. d4 c5 2. e3 cxd4 3. exd4 Nf6 4. Nf3 g6 5. Bd3 Bg7 6. O-O O-O 7. Bf4 d6 8. h3 Re8 9. Re1 b6 10. Nbd2 Bb7 11. c3 Nd5 12. Bh2 Qc7 13. Nc4 Nd7 14. Ne3 N7f6 15. Qb3 Rad8 16. Bc4 e6 17. a4 Nxe3 18. fxe3 Ne4 19. a5 Bh6 20. axb6 axb6 21. Bb5 Rf8 22. Bd3 Ra8 23. Rxa8 Rxa8 24. Qb4 Qc6 25. Bb5 Qd5 26. Bc4 Qf5 27. Bxd6 Nxd6 28. Qxd6 Bxf3 29. gxf3 Qxf3 30. Rf1 Bxe3+ 31. Kh2 Qe4 32. Qc7 Rf8 33. Qg3 Qc2+ 34. Qg2 Qxg2+ 35. Kxg2 Ra8 36. d5 exd5 37. Bxd5 Ra7 38. Kf3 Bh6 39. Ke4 Kg7 40. Ke5 f5 41. c4 Re7+ 42. Kd6 Re2 43. b4 Bd2 44. Rb1 Kf6 45. c5 bxc5 46. bxc5 Bf4+ 47. Kc6 Rc2 48. Kb5 Ke5 49. Bb3 Rc3 50. Bc4 Rxh3 51. c6 Kd4 52. Rb4 Rc3 53. Bg8+ Ke3 54. Bxh7 Bd6 55. Rb1 1/2-1/2

[Event "Campeonato de Aragon por Equipos 2025 - "]
[Site "?"]
[Date "2025.02.15"]
[Round "4.41"]
[White "Torres Ferrandez, Mario"]
[Black "Montoro Mavilla, Sergio"]
[Result "0-1"]
[WhiteElo "1889"]
[BlackElo "1944"]
[PlyCount "84"]
[GameId "2147807435324610"]
[EventDate "2025.01.25"]
[WhiteTeam "Marcos Frechin C"]
[BlackTeam "Jaque - Aramovil B"]

1. d4 d5 2. Bf4 Nf6 3. e3 e6 4. Nf3 Bd6 5. Bg3 O-O 6. Bd3 c5 7. dxc5 Qa5+ 8. c3 Qxc5 9. O-O Bxg3 10. hxg3 Nc6 11. Nbd2 Rd8 12. Qe2 e5 13. e4 Bg4 14. Rfe1 d4 15. Nb3 Qb6 16. c4 Nd7 17. Qd2 a5 18. Nh2 Be6 19. Rac1 a4 20. Na1 Nc5 21. f4 f6 22. f5 Bf7 23. a3 Na5 24. Qb4 Qxb4 25. axb4 Nxd3 26. bxa5 Rxa5 27. b4 axb3 28. Nxb3 Ra3 29. Nd2 Nxc1 30. Rxc1 Rc3 31. Rb1 Rd7 32. Rb4 Rc7 33. Nhf3 Bxc4 34. Ra4 Ba6 35. g4 Re3 36. g5 Rc2 37. g6 hxg6 38. fxg6 Re2 39. Ra5 Kf8 40. Rd5 Ke8 41. Nxe5 Rexd2 42. Nf7 Rxg2+ 0-1

[Event "Campeonato de Aragon por Equipos 2025 - "]
[Site "?"]
[Date "2025.02.15"]
[Round "4.42"]
[White "Zazuliak, Kostiantyn"]
[Black "Celorrio De Pablo, Ricardo"]
[Result "1-0"]
[WhiteElo "1868"]
[BlackElo "1814"]
[PlyCount "101"]
[GameId "2147807435422915"]
[EventDate "2025.01.25"]
[WhiteTeam "Jaque - Aramovil B"]
[BlackTeam "Marcos Frechin C"]

1. d4 Nf6 2. Nf3 g6 3. c4 Bg7 4. Nc3 O-O 5. Bg5 d6 6. e3 Nbd7 7. Bd3 h6 8. Bh4 Qe8 9. Nb5 Qd8 10. O-O c6 11. Nc3 g5 12. Bg3 Nh5 13. Qc2 e5 14. Rad1 Nxg3 15. hxg3 Qc7 16. b4 b6 17. b5 Bb7 18. dxe5 Nxe5 19. Nd4 Nxd3 20. Qxd3 c5 21. Nf5 Rad8 22. Nd5 Bxd5 23. Qxd5 Rfe8 24. f4 Re6 25. Nxg7 Kxg7 26. fxg5 hxg5 27. Qxg5+ Rg6 28. Qf4 Qd7 29. Rd5 Qe6 30. Rf5 Rd7 31. g4 Re7 32. g5 Qxe3+ 33. Qxe3 Rxe3 34. Rxf7+ Kh8 35. Rxa7 Rxg5 36. Rf8+ Rg8 37. Rff7 Rb8 38. Rfb7 Rxb7 39. Rxb7 Rc3 40. Rxb6 Rxc4 41. Rxd6 Rc1+ 42. Kh2 Rb1 43. b6 c4 44. Rc6 c3 45. a4 c2 46. a5 c1=Q 47. Rxc1 Rxc1 48. a6 Rc6 49. a7 Rh6+ 50. Kg1 Rxb6 51. a8=Q+ 1-0

[Event "Campeonato de Aragon por Equipos 2025 - "]
[Site "?"]
[Date "2025.02.15"]
[Round "4.43"]
[White "De Francisco Gracia, Diego"]
[Black "Abadias Banzo, Javier"]
[Result "0-1"]
[WhiteElo "1749"]
[BlackElo "1732"]
[PlyCount "72"]
[GameId "2147807435484356"]
[EventDate "2025.01.25"]
[WhiteTeam "Marcos Frechin C"]
[BlackTeam "Jaque - Aramovil B"]

1. e4 b6 2. d4 Bb7 3. Bd3 e6 4. Nf3 d6 5. O-O Ne7 6. Be3 Ng6 7. Nbd2 Be7 8. c3 O-O 9. Qc2 c5 10. Rfe1 Nd7 11. Rad1 Rc8 12. e5 cxd4 13. Bxd4 dxe5 14. Nxe5 Ndxe5 15. Bxe5 Bc5 16. Nb3 Qg5 17. Bg3 f5 18. Nxc5 bxc5 19. Bc4 Rce8 20. f3 f4 21. Qd2 h6 22. Rxe6 Rxe6 23. Bxe6+ Kh8 24. Be1 Bxf3 25. h4 Qf6 26. gxf3 Qxe6 27. Qg2 Ne5 28. Bf2 Qc6 29. Kh1 a6 30. b3 Rf6 31. h5 Rf5 32. Qh3 Rg5 33. Rd8+ Kh7 34. Rc8 Qd5 35. Bg1 Nxf3 36. Rxc5 Rxg1# 0-1

[Event "Campeonato de Aragon por Equipos 2025 - "]
[Site "?"]
[Date "2025.02.15"]
[Round "4.44"]
[White "Luis Vitalla, Fernando"]
[Black "Galve Guinea, Alejandro"]
[Result "0-1"]
[WhiteElo "2066"]
[BlackElo "1949"]
[PlyCount "60"]
[GameId "2147807435521221"]
[EventDate "2025.01.25"]
[WhiteTeam "Atletismo Huesca"]
[BlackTeam "El Olivar C"]

1. d4 d5 2. c4 c6 3. Nf3 Nf6 4. e3 Bf5 5. cxd5 cxd5 6. Qb3 Qb6 7. Qxb6 axb6 8. Nc3 Nc6 9. Bb5 Bd7 10. Bd2 e6 11. O-O Bd6 12. Rfc1 Ke7 13. Be2 Rhc8 14. Nb5 Bb8 15. Rc2 Ne4 16. Be1 Nd6 17. a3 Nxb5 18. Bxb5 Nxd4 19. Rxc8 Nxf3+ 20. gxf3 Bxc8 21. Bb4+ Bd6 22. Rc1 Bxb4 23. axb4 Kd6 24. Kf1 Bd7 25. Bd3 Ra4 26. b5 Rb4 27. Rc2 Bxb5 28. Bxb5 Rxb5 29. Ke2 Rc5 30. Rd2 Rc1 0-1

[Event "Campeonato de Aragon por Equipos 2025 - "]
[Site "?"]
[Date "2025.02.15"]
[Round "4.45"]
[White "De La Riva Fernandez, Eduardo"]
[Black "Gella Bitrian, Diego"]
[Result "0-1"]
[WhiteElo "1820"]
[BlackElo "1990"]
[PlyCount "92"]
[GameId "2147807435553990"]
[EventDate "2025.01.25"]
[WhiteTeam "El Olivar C"]
[BlackTeam "Atletismo Huesca"]

1. e4 c5 2. Nf3 d6 3. d4 Nf6 4. Nc3 cxd4 5. Nxd4 a6 6. Bg5 e6 7. a4 Qa5 8. Qd2 Nc6 9. Nb3 Qc7 10. f4 Be7 11. Be2 h6 12. Bxf6 Bxf6 13. O-O Bd7 14. Rad1 Be7 15. Kh1 h5 16. Bf3 Rd8 17. Qe2 h4 18. Bg4 O-O 19. Nd4 Nxd4 20. Rxd4 Bf6 21. Rd3 b5 22. axb5 axb5 23. e5 dxe5 24. Ne4 exf4 25. Nxf6+ gxf6 26. Qf2 Kg7 27. Qxh4 Rh8 28. Qf2 e5 29. Rc3 Qb8 30. Bxd7 Rxd7 31. g3 Qb7+ 32. Kg1 Rd4 33. gxf4 Kf8 34. fxe5 Rg4+ 35. Rg3 Rxg3+ 36. Qxg3 Rg8 37. exf6 Rxg3+ 38. hxg3 Qc7 39. Kg2 Qxc2+ 40. Rf2 Qe4+ 41. Kh2 Kg8 42. Kh3 Kh7 43. Rf4 Qh1+ 44. Kg4 Kg6 45. Rf5 Qe4+ 46. Rf4 Qe2+ 0-1

[Event "Campeonato de Aragon por Equipos 2025 - "]
[Site "?"]
[Date "2025.02.15"]
[Round "4.46"]
[White "Gella Lopez, Angel"]
[Black "Sisas Mainar, Izan"]
[Result "1-0"]
[WhiteElo "1977"]
[BlackElo "1785"]
[PlyCount "83"]
[GameId "2147807435709639"]
[EventDate "2025.01.25"]
[WhiteTeam "Atletismo Huesca"]
[BlackTeam "El Olivar C"]

1. d4 d5 2. c4 e6 3. Nf3 a6 4. g3 dxc4 5. Bg2 Nf6 6. a4 Nc6 7. Nc3 Bb4 8. O-O O-O 9. Bf4 Qe7 10. Qc2 Bd6 11. Bg5 h6 12. Bxf6 Qxf6 13. Ne4 Qg6 14. Nh4 Qh7 15. Qxc4 Be7 16. Nc5 Bxc5 17. Qxc5 Bd7 18. b4 Rac8 19. b5 axb5 20. axb5 b6 21. Qc3 Na5 22. Rab1 c6 23. bxc6 Bxc6 24. Rfc1 g5 25. Nf3 g4 26. Nd2 Bxg2 27. Qxc8 Rxc8 28. Rxc8+ Kg7 29. Kxg2 Qf5 30. e4 Qg5 31. Nf1 Qf6 32. e5 Qf3+ 33. Kg1 Qd3 34. Rxb6 Qxd4 35. Rb5 Qd7 36. Rbb8 Nc6 37. Rg8+ Kh7 38. Rh8+ Kg6 39. Rbg8+ Kf5 40. Ne3+ Kxe5 41. Rxg4 f5 42. Nc4+ 1-0

[Event "Campeonato de Aragon por Equipos 2025 - "]
[Site "?"]
[Date "2025.02.15"]
[Round "4.47"]
[White "Marco Garcia, Francho"]
[Black "Molina Cubero-Luna, German"]
[Result "1-0"]
[WhiteElo "1765"]
[BlackElo "1915"]
[PlyCount "65"]
[GameId "2147807435750600"]
[EventDate "2025.01.25"]
[WhiteTeam "El Olivar C"]
[BlackTeam "Atletismo Huesca"]

1. e4 e6 2. Nf3 d5 3. Nc3 Nf6 4. e5 Nfd7 5. d4 c5 6. dxc5 Nc6 7. Bf4 Bxc5 8. Bd3 Qb6 9. Qd2 Bxf2+ 10. Qxf2 Qxb2 11. Kd2 Qb4 12. Be3 Ndxe5 13. Nxe5 Nxe5 14. Rhf1 f6 15. Bb5+ Bd7 16. Rab1 Nc4+ 17. Bxc4 Qxc4 18. Rxb7 Rc8 19. Rb3 e5 20. Bxa7 d4 21. Nd1 Qxc2+ 22. Ke1 Qe4+ 23. Qe2 Qd5 24. Ra3 Bb5 25. Qg4 O-O 26. Rff3 Rc2 27. Rf2 f5 28. Qf3 Qc4 29. Rxc2 Qxc2 30. Qb3+ Qxb3 31. axb3 Bd3 32. b4 Rd8 33. Rxd3 1-0

[Event "Campeonato de Aragon por Equipos 2025 - "]
[Site "?"]
[Date "2025.02.15"]
[Round "4.48"]
[White "Arrieta Restrepo, Steven"]
[Black "Vallverdu Miret, Oscar"]
[Result "0-1"]
[WhiteElo "2095"]
[BlackElo "2028"]
[PlyCount "68"]
[GameId "2147807435787465"]
[EventDate "2025.01.25"]
[WhiteTeam "Monzon"]
[BlackTeam "Fraga"]

1. d4 Nf6 2. Nf3 d5 3. e3 e6 4. Bd3 Be7 5. Nbd2 O-O 6. O-O b6 7. Qe2 c5 8. c3 Bb7 9. e4 dxe4 10. Nxe4 cxd4 11. Nxd4 Qd5 12. f3 Nc6 13. Nb5 Rad8 14. Nxf6+ Bxf6 15. Be4 Qe5 16. Be3 Qb8 17. Rad1 Ne7 18. Rxd8 Rxd8 19. Rd1 Nd5 20. Bc1 a6 21. Na3 b5 22. c4 bxc4 23. Nxc4 g6 24. Bh6 Bc6 25. Qf2 Bb5 26. Bxd5 Bxc4 27. Bxc4 Rxd1+ 28. Bf1 Bd4 29. Be3 Bxe3 30. Qxe3 Qxb2 31. Qc5 a5 32. h4 Qd4+ 33. Qxd4 Rxd4 34. g3 Ra4 0-1

[Event "Campeonato de Aragon por Equipos 2025 - "]
[Site "?"]
[Date "2025.02.15"]
[Round "4.49"]
[White "Aribau Rivas, Miguel Angel"]
[Black "Hidalgo Gracia, Andres"]
[Result "0-1"]
[WhiteElo "1987"]
[BlackElo "2036"]
[PlyCount "108"]
[GameId "2147807435820234"]
[EventDate "2025.01.25"]
[WhiteTeam "Fraga"]
[BlackTeam "Monzon"]

1. e4 d6 2. d4 Nf6 3. Nc3 e5 4. Nf3 Nbd7 5. Bc4 Be7 6. h3 O-O 7. O-O c6 8. a4 Qc7 9. Re1 h6 10. b3 Re8 11. Bb2 Bf8 12. dxe5 dxe5 13. Nh4 Nc5 14. Qf3 Be6 15. Bf1 a5 16. Nf5 Bxf5 17. Qxf5 Qd7 18. Qxd7 Ncxd7 19. Bc4 Bc5 20. Kf1 Bd4 21. Nd1 Bxb2 22. Nxb2 Nc5 23. f3 Nh5 24. Rad1 Kf8 25. Kf2 Nf4 26. h4 Ke7 27. Rd2 Red8 28. Red1 Rxd2+ 29. Rxd2 Rb8 30. g3 Ng6 31. Nd3 Nxd3+ 32. Rxd3 Nf8 33. Rd1 f6 34. Ke3 Nd7 35. Bf1 Nc5 36. Be2 Ne6 37. Bc4 Nc7 38. Ra1 Ra8 39. h5 b5 40. Bd3 Kd6 41. g4 Kc5 42. c3 Kb6 43. Bc2 Rd8 44. Ke2 Ne6 45. Ke3 Nf4 46. Rg1 bxa4 47. bxa4 Kc5 48. Rb1 Rd7 49. Rb8 Kc4 50. Rb6 Ng2+ 51. Ke2 Rd6 52. Rb3 Nf4+ 53. Ke3 Rd3+ 54. Kf2 Rd2+ 0-1

[Event "Campeonato de Aragon por Equipos 2025 - "]
[Site "?"]
[Date "2025.02.15"]
[Round "4.50"]
[White "Barranco Mananet, Fernando"]
[Black "Casas Chine, German"]
[Result "1-0"]
[WhiteElo "1949"]
[BlackElo "1904"]
[PlyCount "43"]
[GameId "2147807435865291"]
[EventDate "2025.01.25"]
[WhiteTeam "Monzon"]
[BlackTeam "Fraga"]

1. e4 c5 2. Nf3 d6 3. Bb5+ Bd7 4. Bxd7+ Qxd7 5. O-O Nc6 6. c3 g6 7. d4 cxd4 8. cxd4 Bg7 9. Nc3 e6 10. d5 Ne5 11. Nxe5 Bxe5 12. f4 Bg7 13. dxe6 fxe6 14. f5 O-O-O 15. Be3 Kb8 16. fxe6 Qxe6 17. Qa4 b6 18. Nb5 Rd7 19. Nd4 Qe8 20. Nc6+ Ka8 21. Nxa7 Ne7 22. Nc6+ 1-0

[Event "Campeonato de Aragon por Equipos 2025 - "]
[Site "?"]
[Date "2025.02.15"]
[Round "4.51"]
[White "Chine Infantes, Miguel Angel"]
[Black "Rodriguez Aranda, Kevin"]
[Result "1-0"]
[WhiteElo "1866"]
[BlackElo "1883"]
[PlyCount "81"]
[GameId "2147807435959500"]
[EventDate "2025.01.25"]
[WhiteTeam "Fraga"]
[BlackTeam "Monzon"]

1. e4 c5 2. Nf3 e6 3. c4 Nc6 4. Nc3 a6 5. Be2 Nf6 6. O-O Qc7 7. b3 b6 8. Bb2 Ng4 9. h3 h5 10. e5 Ngxe5 11. Nxe5 Qxe5 12. Na4 Nd4 13. Bxd4 cxd4 14. Nxb6 Bd6 15. f4 Qc5 16. Na4 Qa5 17. Bf3 Rb8 18. Qe2 Bxf4 19. Bxh5 Qxh5 20. Qxh5 Rxh5 21. Rxf4 e5 22. Rg4 g5 23. Re1 Kf8 24. Rxe5 d6 25. Rgxg5 Rxh3 26. gxh3 dxe5 27. Rxe5 Bd7 28. Nc5 Bxh3 29. Rh5 Rc8 30. Nxa6 Bg4 31. Rh8+ Ke7 32. Rxc8 Bxc8 33. Nb4 Kd6 34. Kf2 Bf5 35. d3 Bg4 36. Nc2 Ke5 37. b4 f5 38. Ne1 Kf4 39. a4 Bh5 40. a5 Be8 41. b5 1-0

[Event "Campeonato de Aragon por Equipos 2025 - "]
[Site "?"]
[Date "2025.02.15"]
[Round "4.52"]
[White "Barros Gutierrez, Angel Luis"]
[Black "Chueca Lorente, Javier"]
[Result "1-0"]
[WhiteElo "1970"]
[BlackElo "2180"]
[PlyCount "113"]
[GameId "2147807436000461"]
[EventDate "2025.01.25"]
[WhiteTeam "Agrupacion B"]
[BlackTeam "MyInvestor Casablanca C"]

1. d4 d5 2. c4 e6 3. Nc3 c6 4. Nf3 dxc4 5. a4 Bb4 6. e3 b5 7. Bd2 a5 8. axb5 Bxc3 9. Bxc3 cxb5 10. b3 Bb7 11. bxc4 b4 12. Bb2 Nf6 13. Bd3 Nbd7 14. O-O O-O 15. Nd2 Nc5 16. Bc2 Nce4 17. f3 Nxd2 18. Qxd2 Ba6 19. Bb3 Nd7 20. Rfd1 Qc7 21. Rdc1 Rfd8 22. Qe1 h6 23. Qg3 Qxg3 24. hxg3 Bb7 25. c5 Bc6 26. Ba4 Nb8 27. e4 Bxa4 28. Rxa4 Nc6 29. Rd1 Ra7 30. d5 exd5 31. exd5 Rad7 32. d6 Ra8 33. Kf2 f6 34. Ke3 Kf7 35. Kd3 Re8 36. Rd2 Rb8 37. Kc4 h5 38. Re2 Rc8 39. Ra1 Ra7 40. Ra4 Nd8 41. Kd5 Nc6 42. Re4 Rb7 43. g4 hxg4 44. Rxg4 Ke8 45. Bxf6 b3 46. Rxg7 Nb4+ 47. Rxb4 Rxg7 48. Re4+ Kf7 49. Bxg7 Kxg7 50. Re7+ Kf6 51. Rb7 a4 52. c6 Ra8 53. c7 a3 54. d7 Ra5+ 55. Kc4 Ra4+ 56. Kxb3 a2 57. d8=Q+ 1-0

[Event "Campeonato de Aragon por Equipos 2025 - "]
[Site "?"]
[Date "2025.02.15"]
[Round "4.53"]
[White "Felipo Martinez, Marcos"]
[Black "Carruez Berges, Santiago"]
[Result "1/2-1/2"]
[WhiteElo "2010"]
[BlackElo "1910"]
[PlyCount "236"]
[GameId "2147807436041422"]
[EventDate "2025.01.25"]
[WhiteTeam "MyInvestor Casablanca C"]
[BlackTeam "Agrupacion B"]

1. c4 g6 2. Nf3 Bg7 3. d4 d6 4. Nc3 Nd7 5. e4 e5 6. Be2 Ne7 7. d5 O-O 8. h4 h5 9. Ng5 Nf6 10. Rg1 c6 11. f3 cxd5 12. cxd5 Bd7 13. Be3 a6 14. Qd2 b5 15. a3 Qb8 16. Nd1 Nc8 17. Rc1 a5 18. b3 Nb6 19. Bd3 Rc8 20. Rxc8+ Nxc8 21. Qe2 Qb7 22. Nf2 Ne7 23. Bd2 Qb6 24. Qe3 Qb7 25. Ke2 b4 26. a4 Ne8 27. Ngh3 Kf8 28. g4 Nf6 29. g5 Ne8 30. Rc1 Rc8 31. Rxc8 Qxc8 32. Qa7 Bxh3 33. Qxa5 Bd7 34. Bxb4 Qb8 35. Bc4 Nc8 36. Ba3 Ke7 37. Nd1 Nc7 38. Nc3 Qb6 39. Qxb6 Nxb6 40. Bd3 Nc8 41. b4 Bf8 42. b5 Na8 43. a5 Kd8 44. Bc1 Kc7 45. Be3 Kb8 46. b6 Be7 47. Ba6 Bd8 48. b7 Bxa5 49. bxc8=Q+ Bxc8 50. Bxc8 Kxc8 51. Nb5 Kd7 52. f4 exf4 53. Bxf4 Bb4 54. Bg3 Nc7 55. Nd4 Ne8 56. Nc6 Bc3 57. Kd3 Ba1 58. e5 dxe5 59. Nxe5+ Ke7 60. Nc4 f6 61. gxf6+ Bxf6 62. Ke4 g5 63. hxg5 Bxg5 64. Kf5 h4 65. d6+ Kd8 66. Be5 Bc1 67. Ke6 Nxd6 68. Bxd6 Bh6 69. Ne5 Be3 70. Be7+ Kc8 71. Bxh4 Bd2 72. Nc4 Bf4 73. Kd5 Kd7 74. Nb2 Bc1 75. Nd3 Bd2 76. Ne5+ Kc7 77. Bg3 Kb7 78. Kc5 Bc1 79. Nc4 Bh6 80. Nd6+ Ka6 81. Nf5 Bc1 82. Kc6 Bb2 83. Bc7 Bc3 84. Ne3 Ba5 85. Bd6 Be1 86. Nc4 Bf2 87. Bc7 Bg1 88. Nb2 Bd4 89. Nd3 Bg1 90. Nb4+ Ka7 91. Bg3 Be3 92. Bh2 Bf2 93. Nd5 Bd4 94. Bg3 Bg1 95. Nc3 Be3 96. Ne2 Ka6 97. Be1 Bb6 98. Bc3 Bf2 99. Bd2 Bb6 100. Nc1 Bf2 101. Nd3 Bg1 102. Nb2 Bf2 103. Nc4 Bg1 104. Bg5 Bf2 105. Bd8 Bg1 106. Nb2 Bf2 107. Nd3 Bg1 108. Nb4+ Ka7 109. Ba5 Bf2 110. Kb5 Kb7 111. Nd3 Bd4 112. Nf4 Bg1 113. Ne6 Bf2 114. Nd8+ Ka7 115. Bc7 Be3 116. Kc6 Bf2 117. Ba5 Ka6 118. Nb7 Bg1 1/2-1/2

[Event "Campeonato de Aragon por Equipos 2025 - "]
[Site "?"]
[Date "2025.02.15"]
[Round "4.54"]
[White "Guerra Perez, Rafael"]
[Black "Sanjulian Arruga, Pablo"]
[Result "1-0"]
[WhiteElo "1848"]
[BlackElo "1935"]
[PlyCount "89"]
[GameId "2147807436090575"]
[EventDate "2025.01.25"]
[WhiteTeam "Agrupacion B"]
[BlackTeam "MyInvestor Casablanca C"]

1. d4 Nf6 2. Bf4 e6 3. e3 c5 4. Nf3 Be7 5. h3 b6 6. Nbd2 Bb7 7. Bd3 cxd4 8. exd4 O-O 9. O-O d6 10. Re1 Nbd7 11. Nc4 Qc7 12. a4 a6 13. Qe2 Nd5 14. Bd2 N7f6 15. b4 Nh5 16. g3 Rfe8 17. Ng5 g6 18. Nf3 Bf6 19. b5 a5 20. c3 Rac8 21. Rac1 e5 22. dxe5 dxe5 23. Bh6 Qd7 24. Nfxe5 Qxh3 25. Qg4 Qxg4 26. Nxg4 Be7 27. Bd2 Bc5 28. Be4 f5 29. Bxd5+ Bxd5 30. Nge3 Bf3 31. Nb2 Red8 32. Nbc4 Bxe3 33. Bxe3 Rxc4 34. Bxb6 Rb8 35. Bxa5 Rxa4 36. Bb4 Rxb5 37. Re8+ Kf7 38. Rce1 Be4 39. Rf8+ Kg7 40. Rd8 Nf6 41. f3 Bxf3 42. Bf8+ Kg8 43. Bh6+ Ne8 44. Rdxe8+ Kf7 45. Rf8# 1-0